World Capitals by Any 3 Letters Quiz Stats

 Plays Quiz Updated Dec 23, 2013

Challenge
Share
Tweet
Embed
Score 0/197 Timer 10:00
3 Plays Today
Capital % Correct
Washington
96.7%
Paramaribo
93.8%
Canberra
93.4%
Santo Domingo
92.6%
Vatican City
92.4%
Kingston
92.2%
Sri Jayawardenepura Kotte
92.1%
Berlin
91.6%
Kathmandu
91.4%
Kingstown
91.4%
Paris
91.2%
London
91%
Mexico City
90.5%
Bandar Seri Begawan
90.3%
San Marino
89.9%
Sanaá
89.4%
Wellington
89.4%
Santiago
89.1%
San Salvador
89%
Panama City
88.8%
Beijing
88.7%
Guatemala City
88.2%
Singapore
88%
Brasília
87.1%
Brazzaville
86.8%
Bern
86.7%
Bratislava
86.7%
San José
86.4%
Managua
86.2%
Porto-Novo
85.8%
Moscow
85.4%
Buenos Aires
85.1%
Manama
85%
Helsinki
83.2%
Dublin
83.1%
Lilongwe
82.9%
Port Vila
82.5%
Amsterdam
82%
Andorra la Vella
81.9%
Ottawa
81.7%
Madrid
81.6%
Port Moresby
81.3%
Port-au-Prince
80.8%
Oslo
80.6%
Bucharest
80.5%
Tokyo
80.5%
Montevideo
80.3%
Rome
80.2%
Cairo
79.9%
Kuwait City
79.8%
Caracas
79.7%
Monaco
79.6%
Lisbon
79.4%
Monrovia
79.3%
Vientiane
79.2%
Manila
79.1%
Tallinn
79%
Nouakchott
78.7%
Amman
78.7%
Antananarivo
78.7%
Mbabane
78.5%
Havana
78.4%
Astana
78.1%
Stockholm
77.7%
Port of Spain
77.5%
Damascus
77.4%
Capital % Correct
Tbilisi
77.3%
Chisinau
77.3%
Jerusalem
77.3%
Bangui
77.1%
Belmopan
76.6%
Bangkok
76.3%
Tirana
76.3%
New Delhi
76.1%
Athens
76.1%
Port Louis
76%
Beirut
75.9%
Luanda
75.4%
Pretoria
75.1%
Ankara
75%
Islamabad
74.9%
Castries
74.4%
Abu Dhabi
74.1%
Georgetown
73.8%
Ramallah
73.8%
Brussels
73.7%
Bridgetown
73.6%
Copenhagen
73.5%
Kinshasa
73.3%
Ljubljana
73.2%
Libreville
72.3%
Freetown
72%
Budapest
72%
St. John's
71.9%
Pristina
71.9%
St. George's
71.8%
Vienna
71.1%
Warsaw
71.1%
Belgrade
70.9%
Banjul
70.7%
Dushanbe
69.1%
Honiara
69%
Jakarta
68.1%
Prague
68%
Nairobi
67.8%
Lima
67.5%
Kabul
67.4%
Sarajevo
67.3%
Malabo
66.9%
Asmara
66.7%
Harare
66.6%
Praia
66.5%
Reykjavík
66.4%
Pyongyang
66.4%
Ulaanbaatar
65.8%
Seoul
65.5%
Rabat
65.3%
Ashgabat
64.5%
Luxembourg
64.2%
Khartoum
64.1%
Tehran
63.8%
Baghdad
63.1%
Nicosia
63%
Malé
62.2%
Valletta
61.9%
Tarawa
61.8%
Kuala Lumpur
61.7%
Minsk
61.5%
Victoria
61.2%
Hanoi
61.1%
Addis Ababa
61.1%
Tripoli
61%
Capital % Correct
Kyiv
60.7%
Riga
60.2%
Tunis
60%
Vilnius
59.2%
Kampala
58.9%
Bogotá
58.8%
Dakar
58.7%
Tashkent
58.6%
Algiers
58%
Quito
57%
São Tomé
56.7%
Zagreb
56.7%
Abuja
56.3%
Basseterre
55.4%
Sofia
55%
Mogadishu
54.9%
La Paz
53.4%
Yerevan
53.1%
Bissau
52.9%
Bamako
52.5%
Djibouti
52.2%
Riyadh
52%
Bishkek
51.4%
Phnom Penh
51.3%
Vaduz
51%
Dhaka
50.8%
Gaborone
50.6%
N'Djamena
50.4%
Nassau
50.2%
Maseru
50.1%
Taipei
49.3%
Nukuʻalofa
49.2%
Lomé
49.1%
Tegucigalpa
49%
Asunción
48.3%
Kigali
48.1%
Dodoma
47.8%
Muscat
47.6%
Niamey
47.5%
Moroni
47.4%
Yaren
47.2%
Lusaka
46.4%
Podgorica
46%
Windhoek
45.9%
Ouagadougou
45.8%
Yamoussoukro
45.7%
Palikir
45.3%
Accra
44.2%
Baku
43.3%
Conakry
43.1%
Bujumbura
42.6%
Doha
41.7%
Dili
40.5%
Skopje
39.5%
Maputo
39.4%
Apia
39.4%
Juba
37.9%
Roseau
37.7%
Thimphu
37.6%
Funafuti
37.6%
Suva
37.5%
Yaoundé
35.5%
Ngerulmud
33.3%
Naypyidaw
31%
Majuro
30.7%

You're not logged in!

Compare scores with friends on all Sporcle quizzes.
OR
Log In

You Might Also Like...

Show Comments

Extras

Top Quizzes Today


Score Distribution

Your Account Isn't Verified!

In order to create a playlist on Sporcle, you need to verify the email address you used during registration. Go to your Sporcle Settings to finish the process.

Report this User

Report this user for behavior that violates our Community Guidelines.

Details: